000 00717cam a22002413a 4500
001 10704
003 PGUSA
005 20140828083228.0
008 040913s2004||||xxu|||||s|||||000 | eng d
040 _aPGUSA
_beng
042 _adc
050 4 _aDG
100 1 _aMommsen, Theodor,
_d1817-1903
245 1 4 _aThe History of Rome, Book IV :
_bThe Revolution
_h[electronic resource] /
_cTheodor Mommsen
260 _bProject Gutenberg,
_c2004
506 _aPublic domain in the USA.
516 _aElectronic text
653 _aRome -- History
700 1 _aDickson, William P.
_q(William Purdie),
_d1823-1901
830 0 _aProject Gutenberg
_v10704
856 4 0 _uhttp://www.gutenberg.org/ebooks/10704
942 _cEB
999 _c239959
_d239959